LEADER 01184cam0-2200361---450- 001 990005853410403321 005 20160127143520.0 010 $a84-7496-117-3 035 $a000585341 035 $aFED01000585341 035 $a(Aleph)000585341FED01 035 $a000585341 100 $a19990604d1985----km-y0itay50------ba 101 0 $aspa 102 $aES 105 $aa-------001yy 200 1 $aJosé Moreno Villa y los origines de las vanguardias artisticas en España (1909-1936)$fEugenio Carmona Mato 210 $aMalaga$cUniversidad de Malaga. Colegio de Arquitectos$d1985 215 $a144 p.$cill.$d21 cm 225 1 $aArte y arquitectura 610 0 $aAvanguardie artistiche$aSpagna$aSec. 20. 610 0 $aMoreno Villa, José <1887-1955>$aCritica e interpretazione 676 $a759.6 676 $a759.06 676 $a709.46 700 1$aCarmona Mato,$bEugenio$0222539 801 0$aIT$bUNINA$gRICA$2UNIMARC 901 $aBK 912 $a990005853410403321 952 $a759.6 MOR 1$bDIP.FIL.MOD. 1636$fFLFBC 959 $aFLFBC 996 $aJosé Moreno Villa y los origines de las vanguardias artisticas en España (1909-1936)$91496397 997 $aUNINA LEADER 02824nam 2200529 450 001 9910157369403321 005 20230802000118.0 010 $a1-60765-122-X 035 $a(CKB)3820000000019455 035 $a(SSID)ssj0001638690 035 $a(PQKBManifestationID)16397723 035 $a(PQKBTitleCode)TC0001638690 035 $a(PQKBWorkID)12164439 035 $a(PQKB)10484137 035 $a(MiAaPQ)EBC4463796 035 $a(MiAaPQ)EBC5771436 035 $a(Au-PeEL)EBL5771436 035 $a(OCoLC)946008292 035 $a(EXLCZ)993820000000019455 100 $a20160511h20122012 uy 0 101 0 $aeng 135 $aurcnu|||||||| 181 $ctxt 182 $cc 183 $acr 200 10$aFarm and workshop welding $eeverything you need to know to weld, cut, and shape metal /$fAndrew Pearce 210 1$aEast Petersburg, Pennsylvania :$cFox Chapel Publishing,$d2012. 210 4$d©2012 215 $a1 online resource (489 pages) $cillustrations (some color) 300 $aIncludes index. 311 $a1-56523-741-2 327 $aIntro -- Title Page -- Copyright -- Table of Contents -- Introduction -- Don't Take Risks -- First Things First -- Any Old Iron? Metal Identification -- Sections -- 1 Shielded Metal Arc Welding (SMAW) -- 2 Gas Metal Arc Welding (GMAW) -- 3 Gas Welding and Cutting -- 4 TIG Welding -- 5 Plasma Cutting -- 6 Special Techniques: -- Welding Cast Iron -- Pipe Welding -- Hardfacing and Gouging -- 7 Soldering -- 8 Welding Plastics -- 9 Workshop Techniques: -- Taps and Dies -- Drill Sharpening -- 10 Basic Blacksmithing -- Appendices -- What's in a Name? Process Terminology -- Heat Colors -- Useful Conversions: Electrodes and Cored Wires -- Index -- Back Cover. 330 $aA practical, visual handbook for welding in farm, home, blacksmith, auto, or school workshops. Its 10 sections describe all the major types of welds before progressing into trickier methods. With this comprehensive guide, you'll understand everything you need to know, from arc, TIG, MIG, and gas welding to plasma cutting, soldering, welding plastics, and more. Filled with helpful visuals and photography, detailed explanations, expert suggestions, and step-by-step directions, this go-to guide to welding also covers common pitfalls and mistakes, and how to avoid or correct them.. 606 $aWelding 606 $aFarm equipment$xMaintenance and repair 615 0$aWelding. 615 0$aFarm equipment$xMaintenance and repair. 676 $a671.5/2 700 $aPearce$b Andrew$f1948-$01240762 701 $aPearce$b Andrew$f1948-$01240762 801 0$bMiAaPQ 801 1$bMiAaPQ 801 2$bMiAaPQ 906 $aBOOK 912 $a9910157369403321 996 $aFarm and workshop welding$92878502 997 $aUNINA LEADER 01810nam0 22003011i 450 001 UON00091821 005 20231205102514.356 100 $a20020107g1983 |0itac50 ba 101 $aita 102 $aIT 105 $a|||| 1|||| 200 1 $aMiscellanea di studi archeololgici e di antichità 210 $aModena$cAedes Muratoriana$d1983- v. ; 23 cm poss. voll. I-IV In testa al front.$cDeputazione di storia patria per le antiche provincie modenesi 311 $an.s. (2 ; 92 ; 115 ; 134)$9UON00087700 316 $aAltri inv. = 10885 : 14658 ; 19061$5IT-UONSI X 3MISC.ST.ARCH01-04 410 0$1001UON00087700$12001 $aBiblioteca$fDeputazione di storia patria per le antiche provincie modenesi$1210 $av.$acm$vn.s. (2 ; 92 ; 115 ; 134) 606 $aArcheologia$xStudi miscellanei$3UONC026175$2FI 620 $dModena$3UONL000425 686 $aX3$cMISCELLANEE AUTORI VARI$2A 712 $aAedes Muratoriana$3UONV246876$4650 801 $aIT$bSOL$c20250711$gRICA 912 $aUON00091821 950 $aSIBA - SISTEMA BIBLIOTECARIO DI ATENEO$dSI X 3 MISC.ST.ARCH 01-04 $eSI MC 8179 5 Altri inv. = 10885 : 14658 ; 19061 950 $aSIBA - SISTEMA BIBLIOTECARIO DI ATENEO$dSI X 3 MISC.ST.ARCH 02 $eSI MC 10885 5 950 $aSIBA - SISTEMA BIBLIOTECARIO DI ATENEO$dSI X 3 MISC.ST.ARCH 03 $eSI MC 14658 5 950 $aSIBA - SISTEMA BIBLIOTECARIO DI ATENEO$dSI X 3 MISC.ST.ARCH 04 $eSI MC 19061 7 996 $aMiscellanea di studi archeololgici e di antichità$91303940 997 $aUNIOR